[Event "RA-2012-0-00237"]
[Site "LSS email"]
[Date "2012.09.13"]
[Round "?"]
[White "Dovganenko, Andrej"]
[Black "Kroes, Friso"]
[Result "1-0"]
[WhiteElo "2052"]
[BlackElo "1906"]
[PlyCount "71"]
[EventDate "2012.08.28"]
[EventType "tourn (corr)"]
[EventRounds "6"]
[EventCountry "GER"]
[SourceTitle "Telechess CBM 165"]
[Source "ChessBase"]
[SourceDate "2015.03.11"]
[SourceVersion "1"]
[SourceVersionDate "2015.03.11"]
[SourceQuality "1"]

1. e4 e6 2. d4 d5 3. Nc3 Bb4 4. e5 c5 5. a3 Bxc3+ 6. bxc3 Ne7 7. Qg4 Qc7 8. Bd3 cxd4 9. Ne2 dxc3 10. Qxg7 Rg8 11. Qxh7 Qxe5 12. h4 Rxg2 13. Bg5 Nd7 14. Kf1 Nf8 15. Qh6 Rg4 16. Bf6 Qd6 17. Bg7 Nc6 18. f3 Ra4 19. h5 Ne5 20. Bb5+ Bd7 21. Bxa4 Bxa4 22. Bxf8 Qxf8 23. Qf6 Nd7 24. Qxc3 Qh6 25. Rg1 Nf6 26. Rb1 Bc6 27. Rg2 Rd8 28. Qe5 Nd7 29. Qh2 Nf6 30. Nd4 Qxh5 31. Rg8+ Ke7 32. Qxh5 Nxh5 33. Nxc6+ bxc6 34. Rb7+ Rd7 35. Rxd7+ Kxd7 36. Ra8 1-0

[Event "RA-2012-0-00237"]
[Site "LSS email"]
[Date "2012.09.13"]
[Round "?"]
[White "Sherwood, Russell"]
[Black "Dovganenko, Andrej"]
[Result "1/2-1/2"]
[WhiteElo "2201"]
[BlackElo "2052"]
[PlyCount "38"]
[EventDate "2012.08.28"]
[EventType "tourn (corr)"]
[EventRounds "6"]
[EventCountry "GER"]
[SourceTitle "Corr 2015"]
[Source "ChessBase"]
[SourceDate "2015.07.17"]
[SourceVersion "1"]
[SourceVersionDate "2015.07.17"]
[SourceQuality "1"]

1. e4 e5 2. Nf3 Nc6 3. Bb5 a6 4. Ba4 Nge7 5. c3 g6 6. d4 exd4 7. cxd4 b5 8. Bb3 Bg7 9. 0-0 Na5 10. Nc3 0-0 11. Bc2 d6 12. h3 c5 13. dxc5 dxc5 14. Qxd8 Rxd8 15. Be3 Be6 16. Bxc5 Nec6 17. Rac1 Nc4 18. Bb3 Nxb2 19. Bb6 Rdb8 1/2-1/2

[Event "SB-2012-0-00249"]
[Site "LSS email"]
[Date "2012.09.06"]
[Round "?"]
[White "Schubert, Steffen"]
[Black "Dovganenko, Andrej"]
[Result "1-0"]
[WhiteElo "1997"]
[BlackElo "1786"]
[PlyCount "35"]
[EventDate "2012.08.22"]
[EventType "tourn (corr)"]
[EventRounds "6"]
[EventCountry "GER"]
[SourceTitle "Corr 2015"]
[Source "ChessBase"]
[SourceDate "2015.07.17"]
[SourceVersion "1"]
[SourceVersionDate "2015.07.17"]
[SourceQuality "1"]

1. e4 c5 2. Nf3 d6 3. d4 cxd4 4. Nxd4 Nf6 5. Nc3 a6 6. Be2 e5 7. Nb3 Be7 8. 0-0 0-0 9. Be3 Be6 10. Qd3 Nbd7 11. Nd5 Bxd5 12. exd5 Rc8 13. c4 Ne8 14. Bg4 e4 15. Qe2 f5 16. Bh3 g6 17. Nd4 Ng7 18. b3 1-0